000 00382nam a22001457a 4500
999 _c1074
_d1074
008 200109b ||||| |||| 00| 0 eng d
041 0 _aeng
082 0 0 _a623.88
_bA624
100 _9644
_aAnsted, A.
245 1 0 _aA Dictionary of sea terms /
_cby A Ansted
260 _aGlasgow :
_bBrown son & ferguson,
_c1951.
300 _aiv,328p.
650 0 _aNaval Art and Science
942 _cBK